000 00456nam a22001577a 4500
020 _a9788188571703
082 _aH 891.430 7
_bSUR/U
100 _aSuresh B Patel
_948000
245 _aUttar aadhunikatha aur Udaya Prakash ka sahitya/
_cby Suresh B Patel
260 _aKanpur :
_bChinthan Prakashan,
_c2013.
300 _a232p.
650 _aLiterature Hindi Study
_948001
650 _aLiterature Hindi
_948002
650 _aLiterature
_948003
942 _cBK
999 _c71860
_d71860